| 000 | 01056nam a2200265 a 4500 | ||
|---|---|---|---|
| 999 |
_c436656 _d436656 |
||
| 003 | BLK | ||
| 005 | 20230530132832.0 | ||
| 008 | 200629b bu ||||| |||| 00| 0 bu d | ||
| 020 | _a9786191516490 | ||
| 040 | _aBLK | ||
| 041 |
_aBUL _cBUL |
||
| 080 |
_aЗанимания в предучилищна възраст _b372.3 _z373.3 |
||
| 100 |
_91299 _aФанти, Роберта _eпърви автор |
||
| 139 |
_aФанти, Роберта _bФ 22 |
||
| 245 |
_aИграя, уча, зная - Животните _bЗанимателни задачи, игри и упражнения за фината моторика _cРоберта Фанти |
||
| 260 |
_9209582 _aСофия _bСофтПрес _c2021 _n978-619-151- ; 978-954-685- |
||
| 300 |
_a48 с. _c30 см |
||
| 380 | _a3 | ||
| 653 | 7 |
_9199116 _aучебно-възпитателна работа |
|
| 653 | 7 |
_9184839 _aдетски градини |
|
| 852 |
_aЦб ІІ 30873 _bЦб |
||
| 942 |
_cKNG _n0 _s1 _02 |
||
| 944 |
_aCR _c2021-11-12 _kВ. Т. |
||
| 944 |
_aED _c2022-05-12 _kКети |
||